LEADER 03190cas a2200601 a 4500
001 c000278597
003 CARM
005 20181101125716.0
008 810424d19811984dcuqr p s f0 a0eng d
010 |a 81646203 
019 1 |a 2163751  |5 LACONCORD2021 
022 0 |a 0744-2890 
035 |a (OCoLC)7363618  |5 LACONCORD2021 
040 |a DGPO  |b eng  |c DGPO  |d DLC  |d NSDP  |d NST  |d DGPO  |d DLC  |d NST  |d DGPO  |d NST  |d DGPO  |d AIP  |d CLU  |d NSDP  |d DGPO  |d DLC  |d NST  |d DLC  |d NST  |d NSDP  |d NST  |d OCoLC  |d InU  |d LC 
042 |a lc  |a nsdp 
043 |a n-us--- 
050 0 0 |a HD9074  |b .U47a 
082 0 4 |a 338.1/7351/0973 
086 0 |a A 93.24/2 
210 0 |a Outlook situat., Cotton wool 
222 0 |a Outlook & situation. Cotton and wool 
245 0 0 |a Outlook & situation.  |p Cotton and wool /  |c United States Department of Agriculture, Economics and Statistics Service. 
246 3 0 |a Cotton and wool 
246 1 3 |a Cotton and wool outlook and situation 
246 3 |a Cotton and wool, outlook & situation 
260 |a Washington, D.C. :  |b Economics and Statistics Service,  |c 1981-1984. 
300 |a 14 v. :  |b ill. ;  |c 28 cm. 
310 |a Quarterly 
362 0 |a CWS-26 (Feb. 1981)-CWS-39 (May 1984). 
500 |a Title from cover. 
500 |a "Approved by the World Food and Agricultural Outlook and Situation Board."--P. 3. 
500 |a "Approved by the World Agricultural Outlook Board." <Mar. 1984>-May 1984. 
550 |a Issued Feb. 1981-May 1981 by the Economics and Statistics Service; issued Aug. 1981-May 1984 by the Economic Research Service. 
580 |a Statistical handbook provided by: Supplement for ... to Statistics on cotton and related data. 
580 |a Continued in Sept. 1984 by: Outlook and situation report. Cotton and wool. 
650 0 |a Cotton trade  |z United States  |v Statistics  |v Periodicals. 
650 0 |a Wool industry  |z United States  |v Statistics  |v Periodicals. 
710 1 |a United States.  |b Dept. of Agriculture.  |b Economic Research Service 
710 1 |a United States.  |b World Agricultural Outlook Board 
710 1 |a United States.  |b Dept. of Agriculture.  |b Economics and Statistics Service 
710 1 |a United States.  |b World Food and Agricultural Outlook and Situation Board 
780 0 0 |t Cotton and wool situation  |x 0360-2184  |w (DLC) 75648360  |w (OCoLC)2244279 
785 1 0 |t Outlook and situation report. Cotton and wool  |x 1051-8894  |w (DLC) 87640354  |w (OCoLC)11579062 
787 1 |t Supplement for ... to Statistics on cotton and related data  |w (OCoLC)9134820 
852 8 |b CARM  |h A1:AL38D0  |i F03185  |p 0459461  |j 26(1981:02)-30(1982:03)  |f SE 
852 8 |b CARM  |i F09814  |p 0507704  |j 31(1982:05)-35(1983:06)  |f SE 
852 8 |b SCAN  |h A3:AH38E0  |i F09814  |p 0507704  |f SE 
852 8 |b SCAN  |h A3:AH38E0  |i F09814  |p 0507704  |f SE 
866 0 |a 26(1981:02)-35(1983:06) 
999 f f |i f3e7887f-11a2-5046-9933-278ed9bb79d6  |s 27a38a68-3249-5fac-84f0-f8cf0f6299d9 
952 f f |p Can circulate  |a CAVAL  |b CAVAL  |c CAVAL  |d CARM 1 Store  |e F09814  |h Other scheme  |i book  |k 31(1982:05)-35(1983:06)  |m 0507704 
952 f f |p Can circulate  |a CAVAL  |b CAVAL  |c CAVAL  |d CARM 1 Store  |e F03185  |f A1:AL38D0  |h Other scheme  |i book  |k 26(1981:02)-30(1982:03)  |m 0459461 
952 f f |a CAVAL  |b CAVAL  |c CAVAL  |d Unmapped Location  |e F09814  |f A3:AH38E0  |h Other scheme